Tous les coéquipiers de Michael Jordan - Statistiques

Statistiques générales
  • Ce quiz a été pris 43 fois
  • Le résultat moyen est 11 sur 107
Statistiques - réponses
matchs Joueur % Correct
859 Scottie Pippen
100%
257 Dennis Rodman
93%
299 Steve Kerr
73%
570 Horace Grant
68%
294 Toni Kukoc
50%
314 Ron Harper
45%
261 Luc Longley
40%
422 B.J. Armstrong
35%
77 Steve Johnson
33%
441 Bill Cartwright
30%
657 John Paxson
30%
8 Anthony Jones
25%
238 Bill Wennington
25%
44 Caldwell Jones
25%
3 Charles Jones
25%
240 Charles Oakley
25%
58 Popeye Jones
25%
119 Kwame Brown
23%
110 Mike Brown
23%
258 Randy Brown
23%
33 Corey Williams
20%
232 Scott Williams
20%
45 Robert Parish
18%
24 Artis Gilmore
15%
289 Jud Buechler
15%
43 Richard Hamilton
13%
101 Scott Burrell
13%
305 Craig Hodges
10%
71 Jahidi White
10%
70 Sidney Green
10%
2 Tony White
10%
200 Jason Caffey
8%
70 Jerry Stackhouse
8%
70 Byron Russell
5%
124 Charles Davis
5%
152 Dickey Simpkins
5%
40 Hubert Davis
5%
67 Larry Hughes
5%
102 Orlando Woolridge
5%
124 Tyronn Lue
5%
414 Will Perdue
5%
28 Bison Dele
3%
267 Brad Sellers
3%
113 Christian Laettner
3%
69 Etan Thomas
3%
67 Jack Haley
3%
46 Joe Kleine
3%
33 John Salley
3%
6 Keith Booth
3%
2 Matt Steigenga
3%
5 Perry Young
3%
53 Pete Myers
3%
124 Sam Vincent
3%
367 Stacey King
3%
5 Anthony Goldwire
0%
21 Ben Poguette
0%
2 Billy McKinney
0%
58 Bobby Simmons
0%
73 Bob Hansen
0%
126 Brendan Haywood
0%
5 Brian Cardinal
0%
3 Chris Engler
0%
60 Chris Whitney
0%
4 Chuck Nevitt
0%
194 Cliff Levingston
0%
4 Clifford Lett
0%
20 Corie Blount
0%
34 Courtney Alexander
0%
34 Darrell Walker
0%
1 Darren Daye
0%
372 Dave Corzine
0%
65 Dave Greenwood
0%
3 David Vaughn
0%
2 David Wood
0%
68 Dennis Hopson
0%
3 Dominic Pressley
0%
43 Earl Cureton
0%
84 Ed Nealy
0%
94 Elston Turner
0%
70 Ennis Whatley
0%
5 Fred Cofield
0%
87 Gene Banks
0%
20 George Gervin
0%
68 Granville Waiters
0%
34 James Edwards
0%
20 Jared Jeffries
0%
71 Jawann Oldham
0%
34 Jeff Sanders
0%
5 Joe Courtney
0%
5 Jo Jo English
0%
42 Juan Dixon
0%
21 Kyle Macy
0%
4 Larry Krystkowiak
0%
15 Mark Randall
0%
10 Michael Holton
0%
14 Mike Smrek
0%
83 Quintin Dailey
0%
2 Ricky Blanton
0%
74 Rod Higgins
0%
68 Rodney McCray
0%
66 Rory Sparrow
0%
14 Rusty LaRue
0%
88 Sedal Threatt
0%
27 Steve Colter
0%
84 Trent Tucker
0%
49 Tyrone Nesby
0%
82 Wes Matthews
0%
Aucun quiz correspondant
Distribution des résultats
% des personnes avec chaque résultat
Percentile par nombre de réponses
Votre historique - résultats
Vous n’avez pas pris ce quiz